| Tag |
First Indicator |
Second Indicator |
Subfields |
| LEADER |
00000cam a2200000 i 4500 |
| 001 |
in00004353613 |
| 008 |
190906t20192019sa 000 f eng |
| 005 |
20250318212341.2 |
| 010 |
|
|
|a 2019422995
|
| 020 |
|
|
|a 9781415210154
|
| 020 |
|
|
|a 1415210152
|q paperback
|
| 020 |
|
|
|z 9781415210390
|q electronic publication
|
| 035 |
|
|
|a (OCoLC)on1090810259
|
| 035 |
|
|
|a (OCoLC)1090810259
|
| 040 |
|
|
|a DLC
|b eng
|e rda
|c DLC
|d Y8N
|d OCLCF
|d YUS
|d P4A
|d NUI
|d Z@L
|d OCL
|d YDXIT
|d NhCcYBP
|
| 042 |
|
|
|a pcc
|
| 050 |
0 |
0 |
|a PR9369.3.M4
|b Z85 2019
|
| 082 |
0 |
4 |
|a 823/.92
|2 23
|
| 100 |
1 |
|
|a Mda, Zakes,
|e author.
|
| 245 |
1 |
4 |
|a The Zulus of New York /
|c Zakes Mda.
|
| 264 |
|
1 |
|a Century City, South Africa :
|b Umuzi,
|c 2019.
|
| 264 |
|
4 |
|c ©2019
|
| 300 |
|
|
|a 205 pages ;
|c 20 cm
|
| 336 |
|
|
|a text
|b txt
|2 rdacontent
|
| 337 |
|
|
|a unmediated
|b n
|2 rdamedia
|
| 338 |
|
|
|a volume
|b nc
|2 rdacarrier
|
| 520 |
|
|
|a The Great Farini would stride on to the stage and announce, 'Ladies and gentlemen, and now for the highlight of the day, the ferocious Zulus.' The impresario Farini introduced Em-Pee and his troupe to his kind of show business, and now they must earn their bread. In 1885 in a bustling New York City, they are the performers who know the true Zulu dances, while all around them fraudsters perform silly jigs. Reports on the Anglo-Zulu War portrayed King Cetshwayo as infamous, and audiences in London and New York flock to see his kin. What the gawking spectators don't know is that Em-Pee once carried nothing but his spear and shield, when he had to flee his king. But amid the city's squalid vaudeville acts appears a vision that leaves Em-Pee breathless: in a cage in Madison Square Park is Acol, a Dinka princess on display. For Em-Pee, it is love at first sight, though Acol is not free to love anyone back.
|
| 650 |
|
0 |
|a South African fiction (English)
|
| 650 |
|
0 |
|a Performing arts
|v Fiction.
|
| 650 |
|
0 |
|a Zulu (African people)
|v Fiction.
|
| 650 |
|
7 |
|a Performing arts.
|2 fast
|0 (OCoLC)fst01057887
|
| 650 |
|
7 |
|a South African fiction (English)
|2 fast
|0 (OCoLC)fst01127180
|
| 650 |
|
7 |
|a Zulu (African people)
|2 fast
|0 (OCoLC)fst01184885
|
| 653 |
|
|
|a South African fiction (English)
|
| 655 |
|
7 |
|a Novels.
|2 fast
|0 (OCoLC)fst01921742
|
| 655 |
|
7 |
|a Fiction.
|2 fast
|0 (OCoLC)fst01423787
|
| 655 |
|
7 |
|a Novels.
|2 lcgft
|
| 852 |
8 |
|
|b pda,print
|z This title is available for the library to purchase for your use. Click the "Purchase It For Me" button to place a request. This item may take 5-10 business days to arrive.
|
| 955 |
|
|
|a Print PDA title
|
| 961 |
|
|
|m 565730
|
| 999 |
f |
f |
|s 3481ca0b-9e42-46a3-836d-0fc966b4e498
|i 5928cd16-065a-36bc-9ba1-d8c4428add9b
|t 0
|
| 952 |
f |
f |
|a Texas A&M University
|b College Station
|c Sterling C. Evans Library
|d Purchase on Demand
|t 0
|e PR9369.3.M4 Z85 2019
|h Library of Congress classification
|
| 998 |
f |
f |
|a PR9369.3.M4 Z85 2019
|t 0
|l Purchase on Demand
|